|
|
|
|
| LEADER |
00000nab a2200000 a 4500 |
| 001 |
vtls000748418 |
| 003 |
SK-MaSNL |
| 005 |
20260305043545.0 |
| 008 |
250429c2000 xo 0 slo |
| 015 |
|
|
|a SNBRB2001/04-10320
|
| 035 |
|
|
|a CLN000100243
|
| 035 |
|
|
|a urn:nbn:sk:snk-abl7t
|
| 035 |
|
|
|a (urnnbn)urn:nbn:sk:snk:ar-a03x2z
|
| 035 |
|
|
|a (uuid)23dd0838-e73f-4bcb-81b4-9abaedee9380
|
| 040 |
|
|
|a SNKBUCL
|b slo
|c SNKBUCL
|e AACR2
|
| 041 |
0 |
|
|a slo
|
| 044 |
|
|
|a xo
|c SK
|
| 080 |
|
|
|a 615.1:061.22(437.6)
|2 1997
|
| 100 |
1 |
|
|a Hagyari, Pavel
|4 aut
|9 1192665
|
| 245 |
1 |
0 |
|a Zmeny a doplnky Stanov SLeK (návrh)
|c Pavel Hagyari, Peter Kubovič
|
| 610 |
2 |
7 |
|a Slovenská lekárnická komora
|2 SNKKA
|9 14791
|
| 650 |
0 |
7 |
|a organizácia a riadenie
|2 snkbucl
|9 3863
|
| 650 |
0 |
7 |
|a zákonodarstvo farmaceutické
|2 snkbucl
|9 1220390
|
| 650 |
0 |
7 |
|a spoločnosti farmaceutické
|x zákonodarstvo a právna veda
|2 snkbucl
|9 1428378
|
| 650 |
0 |
7 |
|a farmaceuti
|x zákonodarstvo a právna veda
|2 snkbucl
|9 1428198
|
| 655 |
|
7 |
|a články z novín a časopisov
|2 snkbucl
|9 267496
|
| 700 |
1 |
|
|a Kubovič, Peter
|4 aut
|9 784110
|
| 773 |
0 |
|
|t Lekárnické listy
|g Roč. 2, č. 1-2 (2000), s. 14
|x 1335-5821
|
| 850 |
|
|
|a Slovenská národná knižnica
|
| 852 |
|
|
|a Slovenská národná knižnica
|
| 954 |
|
|
|a odborná, vedecká literatúra pôvodná (slovenská)
|2 lita
|
| 958 |
|
|
|a article27
|
| 958 |
|
|
|a OND
|
| 958 |
|
|
|a MI
|
| 958 |
|
|
|a SK
|
| 958 |
|
|
|a EUIPO
|
| 992 |
|
|
|a RBX
|
| 999 |
|
|
|c 3354134
|d 3356064
|